[Event "BCF-chT4 2223 (4NCL)"]
[Site "England"]
[Date "2023.01.07"]
[Round "3.86"]
[White "Calumpiano, Raf"]
[Black "Isik, Muhammed Oguz"]
[Result "0-1"]
[WhiteElo "1328"]
[BlackElo "1711"]
[PlyCount "112"]
[EventDate "2022.11.05"]
[EventType "team-swiss"]
[EventRounds "11"]
[EventCountry "ENG"]
[SourceTitle "EXT 2024"]
[Source "ChessBase"]
[SourceDate "2023.10.10"]
[SourceVersion "1"]
[SourceVersionDate "2023.10.10"]
[SourceQuality "1"]
[WhiteTeam "Anglian Avengers II"]
[BlackTeam "MASCeteers"]
[WhiteTeamCountry "ENG"]
[BlackTeamCountry "ENG"]

1. d4 Nf6 2. Bf4 e6 3. e3 c5 4. Nf3 Qb6 5. b3 Nc6 6. a3 Nd5 7. Bg3 cxd4 8. Nxd4 Qa5+ 9. Qd2 Bb4 10. axb4 Qxa1 11. Qd1 Nxd4 12. exd4 Nxb4 13. Bd6 Qa5 14. Nd2 Nd5 15. Qg4 Qa1+ 16. Qd1 Qxd4 17. Bd3 Nc3 18. Qa1 Qxd6 19. Qxc3 0-0 20. 0-0 Qc6 21. Qe5 f5 22. Qe2 d6 23. Rd1 Kh8 24. Nc4 b5 25. Na5 Qc3 26. Qd2 Qxd2 27. Rxd2 a6 28. Be2 d5 29. c4 dxc4 30. bxc4 bxc4 31. Bxc4 Rb8 32. h3 Rb1+ 33. Kh2 Ra1 34. Nb3 Ra4 35. Be2 Bb7 36. Nc5 Rb4 37. Nxe6 Re8 38. Nc7 Rc8 39. Nxa6 Bxa6 40. Bxa6 Rcb8 41. Rd5 g6 42. Re5 Re4 43. Rc5 Rb2 44. Kg3 Ra4 45. Bc4 Rc2 46. Rc8+ Kg7 47. Bb3 f4+ 48. Kh2 Rxc8 49. Bxa4 Kf6 50. h4 Rd8 51. Kh3 h6 52. g4 fxg3 53. fxg3 Rd2 54. Bc6 g5 55. h5 Kf5 56. g4+ Kf4 0-1